| 000 | 01211cam a22002174a 4500 | ||
|---|---|---|---|
| 005 | 20250605163542.0 | ||
| 008 | 250528s ||||||||||||||||||||||||d | ||
| 035 | _a21598 | ||
| 020 | _a9789608071032 | ||
| 040 |
_aGR-AtMCL _bgre _dGR-AtMCL _eAACR2 |
||
| 245 | 1 | _aΒΑΣΙΚΗ ΑΝΑΤΟΜΙΚΗ ΜΕ ΚΛΙΝΙΚΟ ΠΡΟΣΑΝΑΤΟΛΙΣΜΟ | |
| 250 | _a4 | ||
| 260 |
_bΒητα Ιατρικες Εκδόσεις, _c2008 |
||
| 300 | _a287 | ||
| 505 | 0 | _aΚΥΤΤΑΡΑ ΙΣΤΟΙ ΟΡΓΑΝΑ ΑΝΑΠΝΕΥΣΤΙΚΟ ΣΥΣΤΗΜΑ ΚΥΚΛΟΦΟΡΙΚΟ ΣΥΣΤΗΜΑ ΝΕΥΡΙΚΟ ΣΥΣΤΗΜΑ ΣΥΣΤΗΜΑ ΑΙΣΘΗΤΗΡΙΩΝ ΟΡΓΑΝΩΝ ΠΕΠΤΙΚΟ ΣΥΣΤΗΜΑ ΟΥΡΟΠΟΙΗΤΙΚΟ ΣΥΣΤΗΜΑ ΕΠΙΦΑΝΕΙΑΚΗ ΑΝΑΤΟΜΙΑ | |
| 520 | _aΚΥΤΤΑΡΑ ΙΣΤΟΙ ΟΡΓΑΝΑ ΑΝΑΠΝΕΥΣΤΙΚΟ ΣΥΣΤΗΜΑ ΚΥΚΛΟΦΟΡΙΚΟ ΣΥΣΤΗΜΑ ΝΕΥΡΙΚΟ ΣΥΣΤΗΜΑ ΣΥΣΤΗΜΑ ΑΙΣΘΗΤΗΡΙΩΝ ΟΡΓΑΝΩΝ ΠΕΠΤΙΚΟ ΣΥΣΤΗΜΑ ΟΥΡΟΠΟΙΗΤΙΚΟ ΣΥΣΤΗΜΑ ΕΠΙΦΑΝΕΙΑΚΗ ΑΝΑΤΟΜΙΑ | ||
| 700 | 1 | _aΤσακρακλιδης Βασιλης | |
| 942 | _cBK | ||
| 999 |
_c6659 _d6659 |
||